Statistics for Guess A Random City by Hint

Click here to take the quiz!

General Stats

  • This quiz has been taken 36 times
  • The average score is 10 of 15

Answer Stats

HintAnswer% Correct
The "Political Capital of Africa"Addis Ababa
100%
Capital of EritreaAsmara
100%
Most populous city in New ZealandAuckland
100%
Capital of MaliBamako
100%
Not Zurich, ____Bern
100%
Capital of AlbertaEdmonton
100%
Most populous city in VietnamHo Chi Minh City
100%
Formerly CalcuttaKolkata
100%
Includes HollywoodLos Angeles
100%
Third most populous city in ItalyNaples
100%
Where Disney World isOrlando
100%
Capital of SurinameParamaribo
100%
Capital of Western AustraliaPerth
100%
Capital of Papua New GuineaPort Moresby
100%
Executive capital of South AfricaPretoria
100%
Capital of ChileSantiago
100%
Has the Oriental Pearl TowerShanghai
100%
Formerly known as LeningradSt. Petersburg
100%
La Paz or _____Sucre
100%
Capital of FijiSuva
100%
Most populous city in CanadaToronto
100%
Capital of TunisiaTunis
100%
Used to be known as WarszewaWarsaw
100%
Capital of NauruYaren
100%
Where the NATO headquarters areBrussels
67%
Where the Machu Picchu isCuzco
67%
Most populous city in NigeriaLagos
67%
Capital of BahrainManama
67%
Most populous city in SicilyPalermo
67%
Capital of St. LuciaCastries
50%
Fastest shrinking U.S. cityDetroit
50%
Oldest city in the "New World"Santo Domingo
50%
Dutch city starting with "the"The Hague
50%
Most populous city in MindanaoDavao City
33%
Capital of CataloniaBarcelona
0%
Most populous city in MontanaBillings
0%
Where the supposed city of Troy is.Çanakkale
0%
Soon to be capital of Equatorial GuineaCiudad de la Paz
0%
Formerly known as Jahangir NagarDhaka
0%
Has the Burj KhalifaDubai
0%
Most populous city in PakistanKarachi
0%
Longest city name in U.K. (first 8 letters)Llanfair...gogogoch
0%
Capital of South SulawesiMakassar
0%
Most populous city in the Amazon RainforestManaus
0%
Capital of the YucatánMérida
0%
Capital of KosovoPristina
0%
Capital of South KoreaSeoul
0%
Capital of IranTehran
0%
Formerly known as StalingradVolgograd
0%
Most populous city in Tibetan PlateauXining
0%

Score Distribution

Percentile by Number Answered

Percent of People with Each Score

Your Score History

You have not taken this quiz